| 000 | 00000nas##2200000za#4500 |
| 001 | 9.500636 |
| 003 | CaOODSP |
| 005 | 20200331214645 |
| 007 | cr ||||||||||| |
| 008 | 150406c2011||||xxc|| m o||||f| |0fre|d |
| 040 | |aCaOODSP|bfre |
| 041 | |aeng |
| 041 | |afre |
| 043 | |an-cn--- |
| 086 | 1 |aFo103-3-PDF |
| 110 | 1 |aCanada.|bRessources naturelles Canada. |bService canadien des forêts. |
| 245 | 10|aNote d'impact : |h[ressource électronique]|bSCF Atlantique – Une différence importante / |cPublié par le Centre de foresterie de l'Atlantique. |
| 260 | |aFredericton - Connecticut : |bRessources naturelles Canada. |
| 310 | |aIrrégulier |
| 691 | 07|aGestion forestière|2gcpds |
| 775 | 08|tNote d'impact |w(CaOODSP)9.501304 |
| 776 | 0#|tImpact note / |w(CaOODSP)9.511140 |
| 791 | |tImpact note : |eeng|w(CaOODSP)9.500635 |